000 01170cam a2200289 a 4500
999 _c23461
_d23461
001 16666618
003 OSt
005 20200515090759.0
008 110225s2011 enk b 001 0 eng
010 _a 2011008721
020 _a9789350092941
020 _a0199836744 (hbk. : acidfree paper)
035 _a(OCoLC)ocn705351956
040 _aDLC
_coclc
_dIG#
_dCDX
_dABG
_dVP@
_dMIX
_dDLC
050 0 0 _aBP130.4
_b.S376 2011
082 0 0 _a297.1226
_bSAR/R
100 _aSardar, Ziauddin
_92247
245 1 0 _aReading the Qur'an :
_bthe contemporary relevance of the sacred text of Islam /
_cZiauddin Sardar
260 _aOxford ;
_aNew York, N.Y. :
_bOxford University Press,
_cc2011.
300 _a406 p. ;
_c25 cm.
504 _aIncludes bibliographical references (p. 387-392) and index.
505 0 _aOverview -- By way of tradition -- Themes and concepts -- Contemporary topics.
650 0 _aHistory & geography
_vIslamic History
_92271
906 _a7
_bcbc
_corignew
_d1
_eecip
_f20
_gy-gencatlg
942 _2ddc
_cBK
_h297.1226
_iSAR/R
_k297.1226
_mSAR/R